| 000 | 00478cam a2200193ua 4500 | ||
|---|---|---|---|
| 001 | 7532 | ||
| 005 | 20260515114227.0 | ||
| 008 | 141212n ii |||gr||||Z||||||ben | ||
| 040 | _cMAIN | ||
| 041 | _aben | ||
| 082 | _a920 | ||
| 100 |
_aPuddar, A., _eAuthor. |
||
| 245 | 1 |
_aSaratchandra : _bShreyaser sandhane / _cBy Arabinda Puddar . |
|
| 250 | _a1st. | ||
| 260 |
_aKolkatta: _bPratyay, _c1976. |
||
| 300 | _a42p. | ||
| 653 | _aBiography, genealogy & insignia | ||
| 942 | _cBK | ||
| 999 |
_c6650 _d6650 |
||